Statistics for Countries with the Largest population of Russians

Click here to take the quiz!

General Stats

  • This quiz has been taken 29 times
  • The average score is 13 of 15

Answer Stats

RankAnswer% Correct
8Belarus
100%
3Kazakhstan
100%
2Ukraine
100%
4Germany
96%
5United States
96%
7Uzbekistan
93%
1Russia
89%
12Brazil
86%
9Canada
86%
11Kyrgyzstan
86%
14Argentina
79%
13Estonia
79%
10Latvia
79%
15Moldova
71%
6Israel
61%

Score Distribution

Percentile by Number Answered

Percent of People with Each Score

Your Score History

You have not taken this quiz